000 00622nam a22001697a 4500
003 OSt
005 20171010095517.0
008 120815t xxu||||| |||| 00| 0 eng d
040 _aMMSU
_cULS
100 _aCortero, Florecita Q.
_912177
245 _aRelevance and utilization of the Mariano Marcos State University Graduate School research results to development
_cFlorecita Q. Cortero
260 _c2001
300 _axxvi, 304 leaves
_c28 cm.
500 _aThesis (MS Rural Development) -- Mariano Marcos State University-Graduate School, Laoag City
504 _aBibliography: leaves 165-171
942 _2ddc
_cTHEDIS
999 _c9746
_d9746